书目信息 |
| 题名: |
光纤通信系统
|
|
| 作者: | 阿戈沃 著 ;贾东方 , 忻向军 译 | |
| 分册: | ||
| 出版信息: | 北京 电子工业出版社 2020.03 |
|
| 页数: | 10, 462页 | |
| 开本: | 26cm | |
| 丛书名: | 经典译丛 | |
| 单 册: | ||
| 中图分类: | TN929.11 | |
| 科图分类: | ||
| 主题词: | 光导纤维通信系统--guang dao xian wei tong xin xi tong | |
| 电子资源: | ||
| ISBN: | 978-7-121-38313-7 | |
| 000 | 01415nam 2200337 450 | |
| 001 | 202020140953 | |
| 005 | 20200926181358.0 | |
| 010 | @a978-7-121-38313-7@dCNY119.00 | |
| 100 | @a20200919d2020 em y0chiy50 ea | |
| 101 | 1 | @achi@ceng |
| 102 | @aCN@b110000 | |
| 105 | @aa z 000yy | |
| 106 | @ar | |
| 200 | 1 | @a光纤通信系统@Aguang xian tong xin xi tong@d= Fiber-optic communication systems@f(美) Govind P. Agrawal著@g贾东方, 忻向军译@zeng |
| 210 | @a北京@c电子工业出版社@d2020.03 | |
| 215 | @a10, 462页@c图@d26cm | |
| 225 | 2 | @a经典译丛@Ajing dian yi cong@i光子学与光电子学 |
| 305 | @a据原书第4版译出 | |
| 305 | @a由美国John Wiley & Sons, Inc.授予出版 | |
| 314 | @aGovind P. Agrawal, 美国罗切斯特大学James C. Wyant光学教授。 | |
| 314 | @a责任者规范汉译姓: 阿戈沃 | |
| 330 | @a本书主要内容包括: 光纤通信概述 ; 光纤通信系统的主要组成部分 —— 光纤、光发射机和光接收机 ; 单信道和多信道光纤通信系统的设计 ; 光纤的损耗管理、色散管理和非线性管理技术 ; 先进光波系统 ; 全光信号处理等。 | |
| 410 | 0 | @12001 @a经典译丛@i光子学与光电子学 |
| 500 | 10 | @aFiber-optic communication systems@mChinese |
| 606 | 0 | @a光导纤维通信系统@Aguang dao xian wei tong xin xi tong |
| 690 | @aTN929.11@v5 | |
| 701 | 1 | @a阿戈沃@Aa ge wo@g(Govind P. Agrawal)@4著 |
| 702 | 0 | @a贾东方@Ajia dong fang@4译 |
| 702 | 0 | @a忻向军@Axin xiang jun@4译 |
| 801 | 0 | @aCN@c20200410 |
| 905 | @a河南城建学院图书馆@dTN929.11@eA077 | |
| 光纤通信系统= Fiber-optic communication systems/(美) Govind P. Agrawal著/贾东方, 忻向军译.-北京:电子工业出版社,2020.03 |
| 10, 462页:图;26cm.-(经典译丛.光子学与光电子学) |
| ISBN 978-7-121-38313-7:CNY119.00 |
| 本书主要内容包括: 光纤通信概述 ; 光纤通信系统的主要组成部分 —— 光纤、光发射机和光接收机 ; 单信道和多信道光纤通信系统的设计 ; 光纤的损耗管理、色散管理和非线性管理技术 ; 先进光波系统 ; 全光信号处理等。 |
| ● |
| 相关链接 |
|
|
|
正题名:光纤通信系统
索取号:TN929.11/A077
 
预约/预借
| 序号 | 登录号 | 条形码 | 馆藏地/架位号 | 状态 | 备注 |
| 1 | 1491116 | 214911167 | 自科库301/301自科库 30排4列2层/ [索取号:TN929.11/A077] | 在馆 |